[Event "RUS-ch Rapid 2021"]
[Site "Sochi"]
[Date "2021.10.13"]
[Round "7.20"]
[White "Gitelson, Arkady"]
[Black "Potapov, Pavel"]
[Result "0-1"]
[WhiteElo "2188"]
[BlackElo "2481"]
[Annotator "TA"]
[PlyCount "50"]
[EventDate "2021.10.12"]
[EventType "swiss"]
[EventCountry "RUS"]
[SourceTitle "playchess.com"]
[Source "ChessBase"]
[SourceQuality "1"]

{[%evp 9,50,0,0,0,0,0,0,-1,0,-15,-2,-8,7,-7,73,76,94,86,106,55,83,56,72,-32,-33,-23,-22,-56,-40,-44,-47,-318,-323,-446,-445,-431,-410,-412,-347,-964,-958,-29998,-29999]} 1. e4 c5 2. b3 Nc6 3. Bb2 d6 4. Bb5 Bd7 5. f4 a6 6. Bxc6 {B20: Sicilian: Unusual White 2nd moves.} Bxc6 7. d3 Nf6 8. Nf3 {The position is equal.} e6 9. O-O Be7 10. Nbd2 {[%cal Bb1d2,Bd2c4,Bc4a5][%mdl 32]} Qc7 11. Qe1 O-O-O {[#]} (11... O-O $11) 12. Nc4 $146 ({Predecessor:} 12. e5 Nd5 13. Nc4 Nb4 14. exd6 Bxd6 15. Qe2 Bxf4 16. Nfe5 Bxh2+ 17. Kxh2 f6 18. Kg1 {1-0 (28) Seger,R (2308)-Brozka,K (2015) Pardubice 2021}) 12... b5 13. Na5 Ba8 14. a3 (14. a4 $16) 14... d5 {[%cal Rd5e4]} 15. e5 Nd7 16. c4 (16. d4 $16) 16... bxc4 $15 17. bxc4 d4 18. Rb1 h6 19. Bc1 g5 {[#] Threatens to win with ...g4.} 20. fxg5 {[%mdl 8192] This move loses the game for White.} ({Better is} 20. Nb3 $1 $15) 20... hxg5 $19 21. Bxg5 Bxg5 22. Nxg5 Rdg8 23. h4 Qxe5 24. Rxf7 $2 {[#]} (24. Qxe5 Nxe5 25. Rf4) 24... Rxg5 25. hxg5 Qh2+ {[%mdl 64] Double Attack.  Weighted Error Value: White=1.05/Black=0.18} 0-1

[Event "RUS-ch Rapid 2021"]
[Site "Sochi"]
[Date "2021.10.13"]
[Round "7.21"]
[White "Murzin, Volodar"]
[Black "Gubsky, Egor"]
[Result "1-0"]
[WhiteElo "2513"]
[BlackElo "2339"]
[Annotator "TA"]
[PlyCount "97"]
[EventDate "2021.10.12"]
[EventType "swiss"]
[EventCountry "RUS"]
[SourceTitle "playchess.com"]
[Source "ChessBase"]
[SourceQuality "1"]

{[%evp 10,97,25,22,33,52,51,45,26,0,29,18,61,47,75,70,80,77,84,60,81,51,52,61,53,59,58,46,36,50,47,21,91,85,90,25,42,39,47,54,52,66,115,100,97,43,58,44,50,35,47,34,137,114,181,193,229,234,318,311,404,411,369,378,415,415,394,292,264,0,0,-458,-446,-398,2791,2597,1976,832,29984,29985,29985,29986,29992,29993,29993,5706,5708,962,5181,5112]} 1. e4 c5 2. Nf3 Nc6 3. Bb5 e6 4. O-O Nge7 5. d4 cxd4 6. Nxd4 Nxd4 {Recently 6...Ng6 got a lot of attention. B30: Sicilian: 2...Nc6 3 Bb5, lines without ...g6.} 7. Qxd4 a6 8. Be2 Nc6 {White is slightly better.} 9. Qd1 (9. Qe3 {is interesting.} Bd6 10. c4 Qc7 11. Kh1 O-O 12. Nc3) 9... Be7 10. Be3 O-O 11. c4 d6 12. Nc3 {[#]} Rb8 $146 ({Predecessor:} 12... Ne5 13. f4 Ng6 14. Bf3 Bd7 15. Qb3 b5 16. cxb5 axb5 17. Nxb5 Rb8 18. a4 Qa5 {0-1 (33) Zhao,E (2188)-Ambartsumova,K (2471) Chess.com INT 2020}) 13. Qd2 Qc7 14. Rac1 Ne5 15. b3 b6 16. f4 Nd7 17. Rfd1 Rd8 18. Bf3 Bb7 19. Qf2 Ba8 20. g4 Bf8 (20... Qb7 $11) 21. g5 $16 Qb7 22. Ne2 (22. a4 $16) 22... Nc5 23. Ng3 b5 24. h4 bxc4 25. Rxc4 Qb5 26. h5 Rbc8 27. Bg2 (27. Be2 $16 {Black must now prevent Rxc5.} Qb7 28. h6) 27... d5 $14 28. Rcd4 Qe8 $1 29. Qd2 e5 30. fxe5 Ne6 (30... Qxe5 $14 31. Bf4 Qe6) 31. Rxd5 $1 $16 ({Inferior is} 31. exd5 Nxd4 32. Qxd4 Rc2 $15) 31... Bxd5 (31... g6 $16) 32. exd5 $18 Nc5 33. Bd4 Nd7 34. Re1 Qe7 {Black hopes to continue with ...Qb4.} 35. d6 Qe6 36. Qf2 Qg4 37. Bd5 Kh8 {intending ...Rc2.} 38. Kh2 {Re4 is the strong threat.} Qxg5 {next ...f6 is good for Black.} 39. Qxf7 $40 {[%mdl 128] White is up to no good.} (39. Re4 $18 Bxd6 40. Be3) 39... Bxd6 $1 $11 40. Nf5 $2 {[%mdl 8192] [#]} (40. exd6 $11 {and White stays safe.} Qh4+ {[%mdl 64] Double Attack} 41. Kg2 Qxd4 42. h6 Qd2+ 43. Re2 Qxh6 44. Be6) 40... Bxe5+ $1 $19 {[%mdl 512]} 41. Rxe5 {Threatening mate with Re8+!} Rc2+ $4 {[%mdl 8192]} (41... Nxe5 42. Bxe5 Rc7 43. Bxc7 Qd2+ 44. Kh3 Qc3+ 45. Kg4 Qa1 46. Bxd8 Qd1+ 47. Kh3) (41... Nf6 $19 42. Be3 Rc2+ 43. Kh1 Qg4 44. Qxg7+ Qxg7 45. Nxg7 Nxd5) 42. Kh3 $18 {Re8+ would kill now.} Nf6 43. Ne3 (43. Bf3 $142 Rcc8 44. h6) 43... Rh2+ 44. Kxh2 Qh4+ 45. Kg2 Qxd4 {[#]} 46. h6 $1 {[%csl Gf7][%cal Rh6g7][%mdl 512]} Rg8 {[#]} 47. hxg7+ (47. Re8 $142 $3 {[%mdl 512]} Qxd5+ 48. Nxd5 Nxe8 49. Ne7 Nf6 50. Nxg8 Nh5 51. Ne7 Nf4+ 52. Qxf4 gxh6 53. Qf8#) 47... Rxg7+ {[#]} 48. Qxg7+ $1 {[%mdl 512]} Kxg7 49. Nf5+ {[%mdl 64] Double Attack. Quite a comeback for White.  Weighted Error Value: White=0.39/Black=0.37} 1-0

[Event "RUS-ch Rapid 2021"]
[Site "Sochi"]
[Date "2021.10.13"]
[Round "7.22"]
[White "Kukhmazov, Arsen"]
[Black "Truskavetsky, Alexandr"]
[Result "1/2-1/2"]
[WhiteElo "2472"]
[BlackElo "2371"]
[Annotator "TA"]
[PlyCount "158"]
[EventDate "2021.10.12"]
[EventType "swiss"]
[EventCountry "RUS"]
[SourceTitle "playchess.com"]
[Source "ChessBase"]
[SourceQuality "1"]

{[%evp 11,158,29,68,75,79,58,126,118,114,125,115,158,182,171,162,161,154,161,191,208,223,18,21,21,28,24,22,14,55,-24,-20,-43,-28,-28,-21,-31,52,52,51,-11,-12,-4,0,0,0,0,0,0,0,-29,0,0,0,0,13,14,0,0,23,13,14,14,15,12,12,12,12,12,18,12,16,12,25,12,12,0,35,12,12,12,12,12,12,12,19,0,19,0,19,0,8,0,112,8,8,8,131,97,130,100,86,39,33,29,27,27,164,41,164,8,41,8,8,8,8,8,8,8,8,8,8,8,8,8,8,8,8,8,8,8,8,8,8,8,8,8,8,8,8,0,8,8,8,8,8,8,8,8,8]} 1. d4 f5 2. c4 Nf6 3. Nc3 g6 4. h4 Bg7 5. h5 Nxh5 6. e4 Nf6 7. exf5 {A85: Dutch Defence: 2 c4 Nf6 3 Nc3.} gxf5 8. Bh6 {[#]} Rg8 $146 (8... Bxh6 $14 9. Rxh6 d6) ({Predecessor:} 8... Bxh6 9. Rxh6 O-O 10. Be2 d6 11. Qd2 Rf7 12. O-O-O Rg7 13. Nh3 Nbd7 14. Nf4 Nf8 {½-½ (31) Rios,C (2435)-Pardo Simon,D (2468) Badalona 2015}) 9. Qd2 $16 {[%mdl 1024] White has strong compensation.White is better.} d6 10. O-O-O Nc6 11. Nf3 Bh8 12. Re1 Ne4 13. Nxe4 fxe4 14. Rxe4 Bf5 15. Rf4 Qd7 16. g3 $2 ({White should play} 16. Nh4 $1 $18 {[%cal Rh4f5]} Bg4 17. f3) 16... e5 $11 17. dxe5 dxe5 18. Qxd7+ Bxd7 19. Re4 O-O-O (19... Bf5 $5 {[%cal Rf5e4]} 20. Re3 O-O-O $11) 20. Be3 (20. a3 $1 $14) 20... Nb4 {Threatening ...Bc6.} 21. Bh3 Rgf8 22. Bxd7+ ({Don't go for} 22. Nxe5 $2 Bxh3 23. Rxh3 Bxe5 $19) 22... Rxd7 23. Ng5 ({Avoid the trap} 23. Nxe5 $2 Bxe5 24. Kb1 Nd3 $19) 23... Nxa2+ ({Black should try} 23... Nd3+ $15 24. Kc2 Nxf2) 24. Kb1 $14 Nb4 25. Nxh7 (25. Reh4 $14) 25... Rfd8 $11 26. Kc1 Nd3+ 27. Kb1 Nb4 28. Kc1 Nd3+ (28... b6 {is more complex.} 29. c5 Nd3+ 30. Kb1 Nxc5 31. Bxc5 bxc5 32. Re2 Rg8) 29. Kb1 Nb4 (29... b6 {looks sharper.} 30. Ng5 Bf6 31. Nf3 Bg7 32. Ng5 Rf8) 30. b3 Rd1+ 31. Rxd1 Rxd1+ 32. Kb2 Re1 33. Kc3 {[%cal Rc3b4]} a5 34. Rg4 {aiming for Rg8+.} Rd1 {( -> ...e4+)} (34... Re2 $5 35. Rg8+ $8 {[%mdl 64] Double Attack} Kd7 $11) 35. Rg8+ {[%mdl 64] Double Attack} Rd8 36. Rxd8+ Kxd8 {[%mdl 4096] Endgame KBN-KBN} 37. Ng5 {Black must now prevent Nf7+.} Kd7 38. Ne4 b6 39. g4 Ke6 40. Kd2 Bg7 41. f3 Nc6 42. Kd3 Nb4+ 43. Kd2 Nc6 44. Ke2 Bf8 45. Nc3 Nb4 46. Kd2 Be7 47. Ne4 Nc6 48. Ke2 Nb4 49. Nc3 Bf8 50. Nb5 Kd7 51. Bd2 Nc6 {[#]} (51... c6 $11 52. Nc3 Nc2) 52. Kd3 (52. f4 $1 $16) 52... Nd8 53. Ke4 Bg7 (53... Ne6 $11 {remains equal.}) 54. Kf5 Ne6 55. Be3 c6 56. Na3 (56. Nc3 {with more complications.} Nd4+ 57. Kg6 Bf8 58. Kf7 Be7 59. Na4) 56... Nd4+ 57. Bxd4 exd4 $14 {KB-KN} 58. Ke4 Kd6 {[#]} (58... Bf6 $11 {and Black has nothing to worry.}) 59. Nc2 (59. f4 $1 $18) 59... Kc5 (59... Bh8 $14) 60. Kd3 $2 (60. g5 $18) 60... b5 61. cxb5 cxb5 {The position is equal.} 62. f4 a4 63. b4+ Kd5 64. g5 Bf8 65. Nxd4 {And now g6 would win.} Bxb4 66. Nxb5 Ke6 67. Nd4+ Kf7 68. Nc6 Bd6 69. f5 a3 {Threatens to win with ...a2.} 70. Kc2 Bf4 71. g6+ Kf6 72. Kb3 Bh6 73. Nd4 Bf8 74. Ka2 Ke5 75. Kb3 Kf6 76. Ne6 Kxf5 77. Nxf8 {g7 would kill now.} Kf6 78. Kxa3 Kg7 79. Ne6+ $1 Kxg6 {Blacks defense is rewarded with a draw.  Weighted Error Value: White=0.28/Black=0.25} 1/2-1/2

[Event "RUS-ch Rapid 2021"]
[Site "Sochi"]
[Date "2021.10.13"]
[Round "7.23"]
[White "Zakaryan, David"]
[Black "Ivlev, Aleksey"]
[Result "1-0"]
[WhiteElo "2283"]
[BlackElo "2315"]
[Annotator "TA"]
[PlyCount "207"]
[EventDate "2021.10.12"]
[EventType "swiss"]
[EventCountry "RUS"]
[SourceTitle "playchess.com"]
[Source "ChessBase"]
[SourceQuality "1"]

{[%evp 14,207,6,-13,50,33,46,47,30,31,49,40,54,62,56,56,68,65,175,142,282,186,185,163,251,236,214,111,119,64,64,-361,-371,-418,-432,-1071,-947,-1276,-1249,-1314,-1273,-1087,-312,-310,-313,-297,-296,-272,-56,-108,-11,-16,0,-10,0,0,4,4,6,8,8,0,8,7,16,8,16,0,0,0,0,0,0,0,8,4,4,0,0,0,0,0,0,0,0,0,8,8,16,16,16,16,16,16,24,20,20,20,24,20,20,16,20,16,16,16,16,16,16,16,16,0,16,0,16,16,16,16,16,0,16,16,16,16,16,16,16,0,16,16,16,16,16,0,16,16,16,16,16,0,16,16,20,16,20,20,20,20,20,16,20,16,20,20,20,20,20,20,22,22,22,22,23,23,23,23,30,30,30,26,98,98,98,98,213,99,172,30,30,30,30,0,29971,29971,12793,6504,4602,351,6299,6094,5095,99,535,106,29977,29977]} 1. c4 c6 2. d4 d5 3. Nf3 Nf6 4. Nc3 e6 5. e3 Nbd7 6. Qc2 Bd6 7. g4 h6 8. Rg1 Qe7 {D45: Semi-Slav: 5 e3.} (8... e5 $11) 9. Bd2 b6 10. O-O-O Bb7 {White is slightly better.} 11. h4 dxc4 12. e4 {[#]} e5 $146 ({Predecessor:} 12... Bc7 13. g5 hxg5 14. hxg5 Nh5 15. Bxc4 g6 16. d5 Ne5 17. Nxe5 Bxe5 18. dxe6 fxe6 {1-0 (32) Kanep,M (2292)-Garber,V Parnu/Tallinn 2001}) 13. g5 hxg5 14. hxg5 Nh5 15. Bxc4 b5 (15... O-O-O $14) 16. Bb3 $18 b4 (16... g6 $16) 17. Ne2 c5 18. dxe5 Nxe5 (18... Bxe5 $142 19. Be3 Bd4) 19. Nxe5 Qxe5 20. Qc4 (20. g6 $18) 20... O-O-O $16 21. Bxb4 ({Don't play} 21. Qxf7 $6 Rdf8 $11) (21. Rg4 $16) 21... Qxe4 $14 22. Rd4 {[%mdl 8192]} (22. Bd2 $14 {stays ahead.}) 22... Bf4+ $1 $19 23. Bd2 Rxd4 24. Qxc5+ (24. Nxd4 $142 Bxd2+ 25. Kxd2) 24... Kb8 25. Qxd4 Rc8+ 26. Kd1 Qb1+ 27. Nc1 Bf3+ $2 (27... Rxc1+ 28. Bxc1 Qxc1+ 29. Ke2 Qxg1 30. Qd8+ Bc8) 28. Ke1 Rxc1+ 29. Bxc1 Qxc1+ 30. Bd1 {[#]} Bxd1 $2 (30... Bc7 $1 $19 {Strongly threatening ...Nf4.} 31. a3 Nf4) 31. Qxd1 ({White should try} 31. Qd8+ $15 Kb7 32. Qxd1) 31... Qxd1+ ({Worse is} 31... Qxb2 32. Qxh5 Qxa2 33. Qd1 $16) (31... Bd2+ $17 32. Ke2 Nf4+ 33. Kf3 Qc6+ 34. Kg3 Qd5) 32. Kxd1 $11 Be5 33. g6 fxg6 34. Rxg6 Bf6 35. Rg4 Kc7 36. Rc4+ Kb6 37. b3 a6 38. Re4 Ba1 39. Kc2 Nf6 40. Rb4+ (40. Re6+ {with more complications.} Kb5 41. a4+ Ka5 42. Kd3 Nd7 43. Rd6) 40... Kc6 41. Rc4+ Kb7 42. b4 Be5 43. a4 Kb6 44. Kb3 Bd6 45. Rd4 Kc6 46. Kc4 Nd7 47. b5+ axb5+ 48. axb5+ Kc7 49. Kd5 {Hoping for Rc4+.} Nb6+ 50. Ke6 Ba3 51. Rf4 Nc8 52. Rf7+ Kb6 53. Rxg7 Kxb5 54. f4 Kc6 55. f5 Nd6 56. f6 Ne8 57. Rg3 Nc7+ 58. Kf7 Bd6 59. Rc3+ Kd7 60. Rd3 Ne6 61. Re3 Nc7 62. Rd3 (62. Re1 {looks sharper.} Bc5 63. Rd1+ Kc6 64. Kg6 Ne6 65. Rd2) 62... Ne6 63. Re3 Nc7 64. Re2 Bc5 65. Kg8 (65. Re1 {keeps more tension.} Bd6 66. Kg7 Ne6+ 67. Kg8 Bb4 68. Re4) 65... Ne6 66. Kf7 Nc7 67. Ra2 Bd6 68. Kg6 Ne6 69. Kf5 Nd4+ 70. Kg6 Ne6 71. Ra7+ Kc6 72. Kf7 Ng5+ 73. Kg6 Ne6 74. Ra5 Kd7 75. Kf7 Nd8+ 76. Kg6 Ne6 77. Ra1 Bc5 78. Kf5 Nf8 79. Ra6 Bd6 80. Ra7+ Kc6 81. Re7 Bc5 82. Rf7 Bd6 83. Ra7 Bc5 84. Ra6+ Kb5 85. Ra8 (85. Ra2 {with more complications.} Kc6 86. Rd2 Nd7 87. f7 Bf8 88. Rd1) 85... Bd6 86. Rc8 Kb6 87. f7 Kb7 88. Rc2 Be7 89. Ke5 Kb8 90. Kd5 Kb7 91. Re2 Bf6 {[#]} (91... Ng6 $11 {remains equal.} 92. Rb2+ Kc7) 92. Kd6 $1 $16 {[%mdl 1024] Re3 is the strong threat. White has strong compensation.} Bc3 93. Re4 {Black must now prevent Ra4.} Bg7 (93... Kb6 $16 {was necessary.} 94. Rc4 Be1) 94. Rg4 (94. Rb4+ $18 Ka6 95. Rg4) 94... Bh6 (94... Bc3 $16 95. Ke7 Nh7) 95. Ke7 (95. Rh4 $18 Bc1 96. Rb4+ Ka6 97. Kc6) 95... Nh7 $1 $11 96. Rg8 {And now Rh8 would win.} Bd2 97. Rg4 {Threatens to win with Kd6.} (97. Ke8 {seems wilder.} Bb4 98. Rg7 Nf8 99. Rg4 Bc5 100. Rg5) 97... Bc1 $2 {[%mdl 8192]} (97... Bh6 $11) 98. Rb4+ Ka6 99. Rb3 Bd2 100. Rb8 $2 (100. Ke8 {aiming for Rh3.} Nf6+ 101. Kd8 Ba5+ 102. Kc8) 100... Ka5 $2 (100... Bc3 101. Rb3 Bg7) 101. Rh8 $18 Bb4+ 102. Ke8 $2 (102. Kd8 $18 Nf8 103. Ke8) 102... Nf6+ $16 103. Kd8 Ka4 $2 {[%mdl 8192]} (103... Kb5 $16 104. Rh6 Nd5) 104. Rh4 {A wild game.  Weighted Error Value: White=0.44/Black=0.29} 1-0

[Event "RUS-ch Rapid 2021"]
[Site "Sochi"]
[Date "2021.10.13"]
[Round "7.24"]
[White "Smagin, Sergey"]
[Black "Grebnev, Aleksey"]
[Result "0-1"]
[WhiteElo "2551"]
[BlackElo "2469"]
[Annotator "TA"]
[PlyCount "73"]
[EventDate "2021.10.12"]
[EventType "swiss"]
[EventCountry "RUS"]
[SourceTitle "playchess.com"]
[Source "ChessBase"]
[SourceQuality "1"]

{[%evp 9,73,12,7,-18,-15,-11,0,0,0,0,0,0,0,0,25,33,29,23,20,25,20,15,6,0,0,0,0,0,0,0,0,0,30,-14,0,0,8,-7,-7,-7,-7,-7,-7,-7,0,0,0,0,0,-11,-15,-10,0,0,0,0,0,0,0,0,0,0,0,-10,-15,-8]} 1. e4 c5 2. c3 Nf6 3. e5 Nd5 4. Nf3 Nc6 5. Na3 e6 6. Nc4 {B22: Sicilian: 2 c3.} Qc7 7. a4 Nb6 {[#]} 8. d4 $146 ({Predecessor:} 8. Nxb6 axb6 9. d4 cxd4 10. cxd4 d6 11. Bb5 Bd7 12. exd6 Bxd6 13. O-O Nb4 14. Bxd7+ Qxd7 {0-1 (42) Galicki,R (1875)-Kiefer,G (2230) Magdeburg 2015}) 8... Nxc4 9. Bxc4 cxd4 10. cxd4 Nb4 11. Qe2 b6 12. O-O Bb7 13. Bd2 Be7 14. Rfc1 {[#] Hoping for Bxe6!} Qd8 15. Bxb4 Bxb4 16. Bd3 O-O 17. Be4 Bxe4 18. Qxe4 d5 19. Qd3 a6 20. Rc6 b5 21. h3 (21. g4 {keeps more tension.} bxa4 22. Rxa6 Be7 23. R1xa4 Rxa6 24. Rxa6 Qc7 25. Kg2) 21... Qd7 {The position is equal.} 22. axb5 axb5 23. Rxa8 Qxc6 24. Rxf8+ Bxf8 25. b3 h6 26. g3 Bb4 27. Kg2 Ba3 28. h4 g6 29. h5 gxh5 30. Ng1 Bc1 31. Ne2 b4 32. f4 Bb2 33. f5 exf5 34. Nf4 h4 35. Qxf5 Bxd4 36. gxh4 Be3 {[#] ...Bxf4 is the strong threat.} 37. e6 {[%mdl 32768] A rather calm draw.  Weighted Error Value: White=0.04/Black=0.03. Loss on time!?} 0-1

[Event "RUS-ch Rapid 2021"]
[Site "Sochi"]
[Date "2021.10.13"]
[Round "8.1"]
[White "Riazantsev, Alexander"]
[Black "Tsydypov, Zhamsaran"]
[Result "1/2-1/2"]
[WhiteElo "2634"]
[BlackElo "2526"]
[Annotator "TA"]
[PlyCount "135"]
[EventDate "2021.10.12"]
[EventType "swiss"]
[EventCountry "RUS"]
[SourceTitle "playchess.com"]
[Source "ChessBase"]
[SourceQuality "1"]

{[%evp 9,135,10,25,2,14,11,12,12,10,16,17,22,8,10,23,13,15,10,7,5,22,0,2,0,7,-2,0,0,0,0,0,0,0,0,0,0,0,0,0,0,0,0,0,0,0,0,0,0,0,-71,-67,-66,-26,-39,0,0,-1,0,0,-10,0,0,0,-19,-2,-15,-14,-27,0,-12,0,0,0,0,0,0,0,-29,-29,-29,-29,-36,-36,-36,-36,-36,-36,-36,-36,-43,-43,-43,-43,-43,-43,-48,-36,-36,-36,-36,-36,-36,-36,-36,-36,-36,-36,-36,-36,-36,-36,-36,-36,-36,0,0,0,0,0,0,0,0,0,0,0,0,0,0]} 1. d4 d5 2. c4 e6 3. Nf3 Nf6 4. Bg5 Be7 5. e3 Nbd7 6. Qc2 {D30: Queen's Gambit Declined: Systems without Nc3.} O-O 7. cxd5 Nxd5 8. Bxe7 Qxe7 9. e4 N5f6 {[#]} 10. Bd3 $146 ({Predecessor:} 10. Nc3 c5 11. e5 Nd5 12. Nxd5 exd5 13. Bd3 cxd4 14. O-O-O Nxe5 15. Bxh7+ Kh8 16. Rhe1 {0-1 (39) Girya,O (2473)-Atabayev,S (2770) Chess.com INT 2020}) 10... e5 11. Qxc7 {[%cal Rf3e5]} exd4 12. O-O Nxe4 13. Bxe4 Qxe4 14. Rd1 Re8 (14... Qf5 {with more complications.} 15. Nxd4 Qe5 16. Qc3 Nf6 17. Na3 Nd5) 15. Nbd2 {[%cal Bb1d2,Bd2f1,Bf1e3][%mdl 32]} Qd5 16. Nf1 d3 17. Qc3 Nc5 18. Ne3 Qd6 19. Rac1 b6 20. b4 Ne4 21. Qxd3 Qxd3 22. Rxd3 Be6 23. Nd4 Bxa2 24. Ra3 Be6 25. Nxe6 fxe6 26. Rc7 a5 27. bxa5 bxa5 28. f3 Nd6 {[#] Strongly threatening ...Nb5.} 29. Rc5 (29. Rc6 $11 {keeps the balance.} Nf5 30. Nxf5 exf5 31. Rc5) 29... a4 $17 30. Nc4 Red8 31. Nb6 Rab8 (31... Ra6 $5 {[%cal Ra6b6]} 32. Nxa4 Nf5 $17) 32. Nxa4 Rb1+ 33. Kf2 Nf5 {[%cal Rd8d2] [#]} 34. Rc2 Rh1 35. Nc3 Rxh2 36. Kg1 Rh6 (36... Nd4 {feels hotter.} 37. Rca2 Rh5 38. Ra7 Rf5 39. Ne4 h6) 37. Raa2 Rg6 38. Kh2 h5 39. Rd2 Rc8 40. Ne4 Ne3 {aiming for ...Nf1+.} 41. Ra1 h4 42. Re1 Nf5 43. Nd6 (43. Nf2 {is interesting.} Rc3 44. Ng4 Kh7 45. Rde2 Ng3 46. Rb2) 43... Nxd6 44. Rxd6 $11 {[%mdl 4096] Endgame KRR-KRR} Rc2 45. Rg1 Kf7 46. Rd4 Rg3 {...g5 is the strong threat.} 47. Rf4+ Ke7 {Hoping for ...g5.} 48. Rxh4 Rxf3 49. Rg4 Kf6 50. Rc1 Rff2 51. Rxc2 Rxc2 $15 {KR-KR} 52. Rf4+ Ke5 53. Rf7 g5 54. Kg3 Rc4 55. Rg7 Kf6 56. Rg8 Ra4 57. Rf8+ Kg7 58. Rb8 Kf7 59. Rc8 Rd4 60. Kf3 Kf6 61. Rf8+ Ke5 {White must now prevent ...Rf4+.} (61... Kg7 $5 {[%cal Rg7f8]} 62. Re8 Kf7 $17) 62. Rg8 {The position is equal.} Rf4+ 63. Ke3 Kf5 (63... Ra4 {seems wilder.} 64. Rxg5+ Kf6 65. Rg8 Ra2 66. Kf3 Kf7) 64. Rf8+ $1 Kg4 65. Rxf4+ $1 gxf4+ 66. Ke4 Kg3 67. Ke5 Kxg2 {( -> ...f3)} 68. Kxf4 {Weighted Error Value: White=0.06/Black=0.04} 1/2-1/2

[Event "RUS-ch Rapid 2021"]
[Site "Sochi"]
[Date "2021.10.13"]
[Round "8.2"]
[White "Sjugirov, Sanan"]
[Black "Iljiushenok, Ilia"]
[Result "1/2-1/2"]
[WhiteElo "2663"]
[BlackElo "2554"]
[Annotator "TA"]
[PlyCount "81"]
[EventDate "2021.10.12"]
[EventType "swiss"]
[EventCountry "RUS"]
[SourceTitle "playchess.com"]
[Source "ChessBase"]
[SourceQuality "1"]

{[%evp 12,81,33,38,30,27,22,0,0,0,0,0,0,16,10,0,6,4,0,0,8,6,177,163,143,100,101,34,24,20,20,18,12,0,0,0,15,8,13,0,0,0,0,-8,-8,-8,-8,-8,-8,-8,-8,-8,-8,-8,-8,-25,-25,-27,-19,-22,0,0,0,0,0,0,0,0,0,0,0,0]} 1. d4 Nf6 2. c4 g6 3. Nc3 Bg7 4. e4 d6 5. f3 O-O 6. Nge2 Nbd7 7. Be3 $1 {7.Be3 is better than 7.Bg5.} a6 {E81: King's Indian: Sämisch: 6th move deviations (including 6 Be3 c6).} 8. Qd2 b5 {[%cal Bb7b5,Bb5b4][%mdl 32]} 9. Bh6 Bxh6 10. Qxh6 c5 11. h4 b4 12. Nd5 {With the idea h5!} e6 13. Ne3 Qa5 {[#] ...b3+ is the strong threat.} 14. b3 cxd4 15. Nxd4 {[#]} Qe5 $146 ({Predecessor:} 15... Bb7 16. Qg5 Qe5 17. O-O-O Nc5 18. g4 a5 19. Kb2 Nfxe4 20. fxe4 Nxe4 21. Qxe5 dxe5 {½-½ (82) Gupta,A (2424)-Flores,D (2514) Andorra 2006}) 16. O-O-O d5 $2 (16... a5 $11) 17. exd5 exd5 18. Qg5 Bb7 19. Qxe5 (19. Ndc2 $16) 19... Nxe5 $14 20. cxd5 Nxd5 21. Nxd5 Bxd5 22. Kb2 a5 23. Bb5 Rad8 24. Rhe1 f6 25. Rd2 Bf7 26. Red1 Rd5 27. f4 {Black should prevent Be2.} Ng4 {[#] Hoping for ...Ne3.} 28. Bc4 Ne3 29. Bxd5 Nxd1+ 30. Rxd1 Bxd5 $11 {[%mdl 4096] Endgame KRB-KRN} 31. Rd2 Re8 32. Nb5 {Black must now prevent Nc7.} Bc6 33. Nd6 Re1 34. g4 Rf1 35. f5 {The position is equal.} gxf5 36. Nxf5 {And now Ne7+ would win.} Be4 {[%csl Ge4][%cal Rf1b1]} 37. Rd8+ Kf7 {[%csl Ge4][%cal Rf1b1]} 38. Rd7+ Kf8 {[%csl Ge4][%cal Rf1b1]} 39. Rd8+ Kf7 {[%csl Ge4][%cal Rf1b1]} 40. Rd7+ Kf8 {[%csl Ge4][%cal Rf1b1]} 41. Rd8+ {Weighted Error Value: White=0.08/Black=0.12} 1/2-1/2

[Event "RUS-ch Rapid 2021"]
[Site "Sochi"]
[Date "2021.10.13"]
[Round "8.4"]
[White "Timofeev, Artyom"]
[Black "Lysyj, Igor"]
[Result "1/2-1/2"]
[WhiteElo "2586"]
[BlackElo "2603"]
[Annotator "TA"]
[PlyCount "38"]
[EventDate "2021.10.12"]
[EventType "swiss"]
[EventCountry "RUS"]
[SourceTitle "playchess.com"]
[Source "ChessBase"]
[SourceQuality "1"]

{[%evp 23,38,14,14,14,10,9,9,-45,0,0,10,-35,0,0,0,-38,8]} 1. c4 e6 2. Nf3 Nf6 3. b3 Be7 4. Bb2 O-O 5. g3 d5 6. Bg2 b6 7. cxd5 Nxd5 8. O-O Bb7 9. d4 Nd7 10. Nbd2 N5f6 11. Nc4 c5 12. Rc1 Rc8 13. dxc5 {A14: English Opening: 1...e6 with b3 by White.} Nxc5 14. Nce5 {[#]} Nd5 $146 ({Predecessor:} 14... h6 15. Ba3 Qxd1 16. Rfxd1 Rfd8 17. Rxd8+ Rxd8 18. Nxf7 Kxf7 19. Ne5+ Ke8 20. Bxc5 bxc5 21. Bxb7 Rd2 22. Bc6+ Kf8 23. Bb5 Rxa2 24. Bc4 Bd6 {1-0 (48) Aravindh,C (2641)-Lopez Martinez,J (2524) Barcelona 2021}) 15. Ng4 (15. Qd2 $11) 15... Nf6 16. Nge5 Nd5 17. Ng4 Nf6 18. Nge5 Nd5 19. Ng4 Ra8 {An uneventful encounter.  Weighted Error Value: White=0.24/Black=0.12} 1/2-1/2

[Event "RUS-ch Rapid 2021"]
[Site "Sochi"]
[Date "2021.10.13"]
[Round "8.5"]
[White "Alekseev, Evgeny"]
[Black "Pridorozhni, Aleksei"]
[Result "1/2-1/2"]
[WhiteElo "2602"]
[BlackElo "2564"]
[Annotator "TA"]
[PlyCount "83"]
[EventDate "2021.10.12"]
[EventType "swiss"]
[EventCountry "RUS"]
[SourceTitle "playchess.com"]
[Source "ChessBase"]
[SourceQuality "1"]

{[%evp 12,83,47,49,36,27,43,37,44,45,47,42,42,36,24,31,43,43,42,44,55,53,50,46,47,48,43,17,15,23,35,27,31,0,16,11,3,0,0,0,0,0,0,0,0,0,10,10,10,0,25,25,16,22,48,48,48,43,44,10,10,10,10,10,10,10,35,27,13,0,15,0,24,0]} 1. e4 c5 2. Nf3 e6 3. d4 cxd4 4. Nxd4 Nf6 5. Nc3 Nc6 6. Ndb5 Bc5 7. Bf4 {[#] Hoping for Nc7+.} O-O {B45: Sicilian Four Knights.} 8. Bc7 Qe7 9. Bd6 $1 {[%cal Rd6e7]} Bxd6 {White is slightly better.} 10. Qxd6 Ne8 11. Qxe7 Nxe7 12. O-O-O f5 13. f3 {Recently 13.e5 got a lot of attention.} fxe4 14. Nxe4 d5 {[#]} 15. Nc5 $146 ({Predecessor:} 15. Ned6 Nxd6 16. Nxd6 Rd8 17. Nc4 Nc6 18. Ne3 Bd7 19. Bb5 Ne7 20. Bxd7 Rxd7 21. Rhe1 {½-½ (36) Janik,I (2413)-Spasov,V (2493) Zagreb 2017}) 15... b6 16. Nd3 Nc6 17. Re1 a6 18. Nc3 Nd6 19. Ne5 Nxe5 20. Rxe5 Bd7 21. Bd3 b5 {[%cal Bb6b5,Bb5b4][%mdl 32]} 22. Rhe1 Rad8 23. Rh5 g6 24. Rhe5 Kg7 25. R5e2 b4 26. Nd1 a5 27. Nf2 Rc8 28. Ng4 Nf7 29. Kd2 Rc7 30. f4 Rfc8 31. Ne5 Nxe5 32. Rxe5 Rf8 33. g3 Kf6 34. h4 h5 35. Ke3 Rfc8 36. Re2 a4 37. b3 Rc3 38. Kd4 a3 39. Rg5 Be8 40. Rge5 Bd7 41. Rg5 Be8 42. Rge5 {Weighted Error Value: White=0.04/Black=0.04} 1/2-1/2